000 00594cam a2200217ua 4500
001 6678
008 140308n ii |||gr||||Z||||||eng
020 _a81-7493-508-8
040 _cMAIN
082 _a658.3
245 _aDynamics of Industrial relations
_cBy C.B. Mamoria
250 _a5th rev/rep.
260 _aMumbai:
_bHimalaya publishing house,
_c1999.
300 _ax,881p.
653 _aGeneral management
653 _aDynamics of Industrial relations
700 _aMamoria,C.B.,
_eAuthor.,
700 _aMamoria,Satish,
_eAuthor.
700 _aGankar,S.V.,
_eAuthor.
942 _cBK
999 _c5827
_d5827